[Event "LVI C.to Torinese Assoluto"]
[Site "Torino ITA"]
[Date "2011.11.21"]
[Round "3"]
[White "Pepino, Enrico"]
[Black "Mazzetta, Renato"]
[Result "1-0"]
[WhiteElo "2141"]
[BlackElo "1939"]
[PlyCount "103"]
[EventDate "2011.11.07"]

1. d4 d5 2. c4 e6 3. Nc3 c6 4. Nf3 Nf6 5. e3 Nbd7 6. Qc2 Bd6 7. b3 O-O 8. Bd3
e5 9. cxd5 cxd5 10. Nb5 Bb8 11. dxe5 Nxe5 12. Nxe5 Bxe5 13. Bb2 Qa5+ 14. Bc3
Bxc3+ 15. Qxc3 Qxc3+ 16. Nxc3 Bd7 17. Ne2 Rac8 18. h3 Ne4 19. Bxe4 dxe4 20. Kd2
a5 21. Rhc1 f5 22. h4 Kf7 23. f4 Rfd8 24. Rxc8 Rxc8 25. Rc1 Rxc1 26. Kxc1 Kg6
27. Ng3 b5 28. Kd2 b4 29. Kc2 Bb5 30. Kb2 Bd3 31. a3 Bb5 32. axb4 axb4 33. Kc2
Bd3+ 34. Kd2 Bb1 35. h5+ Kf6 36. Ne2 g5 37. g3 Bd3 38. Nd4 gxf4 39. exf4 Bf1
40. Nc6 Kg7 41. Nxb4 Kh6 42. Nd5 Kxh5 43. Ne3 Bb5 44. Kc3 Kg6 45. Kd4 Bd7 46.
b4 h5 47. Nc4 Kf6 48. Kc5 Ke6 49. Ne3 Bc8 50. b5 Bb7 51. Kb6 Bd5 52. Kc7 1-0

[Event "LVI C.to Torinese Assoluto"]
[Site "Torino ITA"]
[Date "2011.11.21"]
[Round "3"]
[White "Quirico, Paolo"]
[Black "Melone, Antonio"]
[Result "1/2-1/2"]
[WhiteElo "2172"]
[BlackElo "2084"]
[PlyCount "76"]
[EventDate "2011.11.07"]

1. d4 c5 2. c3 Nf6 3. Nf3 e6 4. Bf4 b6 5. e3 Be7 6. h3 Bb7 7. Nbd2 O-O 8. Bd3
d5 9. Ne5 Nbd7 10. O-O Nxe5 11. Bxe5 a6 12. Qf3 Nd7 13. Bg3 b5 14. a3 Rc8 15.
Rac1 Qb6 16. Qh5 Nf6 17. Qe2 Ne4 18. Nxe4 dxe4 19. Bb1 a5 20. Rfd1 Rfd8 21.
dxc5 Bxc5 22. Rxd8+ Rxd8 23. Rd1 Rxd1+ 24. Qxd1 Bd5 25. Be5 f5 26. Bc2 b4 27.
axb4 axb4 28. Bb3 Bxb3 29. Qxb3 bxc3 30. Qxc3 Bf8 31. Qd4 Qc6 32. Qd8 Kf7 33.
Qc7+ Qxc7 34. Bxc7 Kf6 35. Kf1 e5 36. Ke2 Ke6 37. Ba5 Kd5 38. Kd2 Kc5 {
seguito non leggibile} 1/2-1/2

[Event "LVI C.to Torinese Assoluto"]
[Site "Torino ITA"]
[Date "2011.11.21"]
[Round "3"]
[White "Sarno, Spartaco"]
[Black "Davi, Alessandro"]
[Result "1-0"]
[WhiteElo "2330"]
[BlackElo "2065"]
[PlyCount "45"]
[EventDate "2011.11.07"]

1. Nf3 Nf6 2. c4 c6 3. g3 g6 4. Bg2 Bg7 5. O-O O-O 6. d4 d5 7. cxd5 Nxd5 8. e4
Nb6 9. h3 Na6 10. Nc3 Be6 11. b3 c5 12. Be3 Qc8 13. Rc1 Bxh3 14. dxc5 Bxg2 15.
Kxg2 Rd8 16. Qe2 Nd7 17. Nd5 Bf8 18. Bg5 Nf6 19. Bxf6 exf6 20. Nxf6+ Kg7 21.
Qb2 h6 22. Rh1 Kh8 23. Ng5 1-0

[Event "LVI C.to Torinese Assoluto"]
[Site "Torino ITA"]
[Date "2011.11.21"]
[Round "3"]
[White "Sorcinelli, Francesco"]
[Black "Finocchiaro, Gianluca"]
[Result "1-0"]
[WhiteElo "2118"]
[BlackElo "2077"]
[PlyCount "55"]
[EventDate "2011.11.07"]

1. e4 d5 2. exd5 Qxd5 3. Nc3 Qa5 4. d4 Nf6 5. Nf3 c6 6. Bd2 Bf5 7. Bc4 e6 8.
Nd5 Qd8 9. Nxf6+ gxf6 10. Qe2 Nd7 11. Nh4 Bxc2 12. O-O Bg6 13. Rfe1 Qe7 14. Qf3
O-O-O 15. Rac1 Nb6 16. Ba6 Nd5 17. Rxc6+ Kb8 18. Bf4+ Ka8 19. Rc7 bxa6 20. Rxe7
Bxe7 21. Nxg6 hxg6 22. Rc1 Rh4 23. g3 Rh3 24. Rc7 Bb4 25. Rxf7 Rdh8 26. Rxf6 g5
27. Rxe6 Rd8 28. Re8 1-0

[Event "LVI C.to Torinese Assoluto"]
[Site "Torino ITA"]
[Date "2011.11.28"]
[Round "4"]
[White "Castaldo, Folco"]
[Black "Sarno, Spartaco"]
[Result "1/2-1/2"]
[WhiteElo "2420"]
[BlackElo "2330"]
[PlyCount "53"]
[EventDate "2011.11.07"]

1. e4 d6 2. d4 Nf6 3. Nc3 g6 4. Nf3 Bg7 5. h3 O-O 6. Be3 c6 7. Qd2 b5 8. Bd3
Nbd7 9. O-O Bb7 10. e5 Ne8 11. Bh6 c5 12. Be4 cxd4 13. Bxg7 Nxg7 14. Bxb7 dxc3
15. Qxc3 Rb8 16. Be4 Rc8 17. Qe3 Nxe5 18. Nxe5 dxe5 19. Qxa7 Qd4 20. Qxd4 exd4
21. Bd3 b4 22. Rfe1 Ne6 23. a3 bxa3 24. Rxa3 Rc7 25. Ra4 Rb8 26. b3 Kf8 27.
Rea1 1/2-1/2

[Event "LVI C.to Torinese Assoluto"]
[Site "Torino ITA"]
[Date "2011.11.28"]
[Round "4"]
[White "Cavaliere, Simone"]
[Black "Quirico, Paolo"]
[Result "1/2-1/2"]
[WhiteElo "1859"]
[BlackElo "2172"]
[PlyCount "87"]
[EventDate "2011.11.07"]

1. e4 c5 2. Nf3 g6 3. d4 cxd4 4. Nxd4 Nc6 5. c4 Nf6 6. Nc3 d6 7. f3 Nxd4 8.
Qxd4 Bg7 9. Qf2 O-O 10. Be2 Be6 11. O-O Qa5 12. Be3 Rfc8 13. Nd5 Bxd5 14. exd5
Nd7 15. Bd4 Bxd4 16. Qxd4 Qc5 17. Rad1 a5 18. f4 Rc7 19. Rf3 Qxd4+ 20. Rxd4 Nc5
21. b3 Na6 22. Rd2 a4 23. Kf2 axb3 24. axb3 Nb4 25. g4 b6 26. Re3 Ra1 27. Bf1
Rca7 28. Rde2 R1a2 29. Rxa2 Rxa2+ 30. Be2 Kf8 31. Rh3 Nc2 32. Kf1 Nd4 33. Bd1
Ra1 34. Ke1 Kg7 35. Rd3 Nc2+ 36. Kd2 Nb4 37. Re3 Kf8 38. Rh3 Kg7 39. Re3 Ra7
40. Kc3 Na2+ 41. Kb2 Nb4 42. Kc3 Na2+ 43. Kb2 Nb4 44. Kc3 1/2-1/2

[Event "LVI C.to Torinese Assoluto"]
[Site "Torino ITA"]
[Date "2011.11.28"]
[Round "4"]
[White "Davi, Alessandro"]
[Black "Cortese, Alessandro"]
[Result "1-0"]
[WhiteElo "2065"]
[BlackElo "2003"]
[PlyCount "47"]
[EventDate "2011.11.07"]

1. d4 Nf6 2. c4 c5 3. d5 b5 4. cxb5 a6 5. bxa6 Bxa6 6. Nc3 d6 7. g3 g6 8. Bg2
Bg7 9. Nf3 Nbd7 10. O-O Nb6 11. Rb1 Bc4 12. Ng5 Bxa2 13. Nxa2 Rxa2 14. Qb3 Ra4
15. Qb5+ Nfd7 16. b4 Rxb4 17. Rxb4 cxb4 18. Ne6 fxe6 19. dxe6 O-O 20. exd7 Bc3
21. Bh3 Na8 22. Bh6 Nc7 23. Qb7 Qb8 24. Bxf8 1-0

[Event "LVI C.to Torinese Assoluto"]
[Site "Torino ITA"]
[Date "2011.11.28"]
[Round "4"]
[White "De Barberis, Massimo"]
[Black "Barbiso, Tiziana"]
[Result "0-1"]
[WhiteElo "2092"]
[BlackElo "2047"]
[PlyCount "51"]
[EventDate "2011.11.07"]

1. e4 c5 2. Nf3 d6 3. d4 cxd4 4. Nxd4 Nf6 5. Nc3 a6 6. Bc4 e6 7. Bb3 Be7 8. Qf3
Qc7 9. Bg5 Nbd7 10. O-O-O Nc5 11. Rhe1 b5 12. Bxf6 Bxf6 13. Ncxb5 axb5 14. Nxb5
Nxb3+ 15. Qxb3 Qb8 16. Nxd6+ Kf8 17. Nxc8 Qxc8 18. e5 Be7 19. Re4 Ra7 20. Rd3
g6 21. Rh3 Qa8 22. Qe3 Rxa2 23. Qh6+ Ke8 24. Rc4 Ra1+ 25. Kd2 Qd5+ 26. Kc3 0-1

[Event "LVI C.to Torinese Assoluto"]
[Site "Torino ITA"]
[Date "2011.11.28"]
[Round "4"]
[White "Fassio, Luca"]
[Black "Di Chiara, Mauro"]
[Result "0-1"]
[WhiteElo "2101"]
[BlackElo "1980"]
[PlyCount "68"]
[EventDate "2011.11.07"]

1. e4 d6 2. d4 Nf6 3. Bd3 g6 4. Nf3 Bg7 5. O-O O-O 6. Re1 Nc6 7. c3 e5 8. a3
Bg4 9. d5 Ne7 10. Nbd2 c6 11. c4 c5 12. b4 b6 13. b5 Nxe4 14. Nxe4 f5 15. Ra2
fxe4 16. Bxe4 Nf5 17. Qd3 Nd4 18. Ng5 Qf6 19. Qg3 Bf5 20. a4 h6 21. Nh3 a6 22.
Bxf5 gxf5 23. bxa6 Rxa6 24. Be3 f4 25. Qg4 fxe3 26. fxe3 Nf5 27. Rf2 Qh4 28.
Qg6 Rf6 29. Qe8+ Kh7 30. Ref1 Nxe3 31. Rxf6 Bxf6 32. g3 Qxh3 33. Qf7+ Bg7 34.
Rf2 Rxa4 0-1

[Event "LVI C.to Torinese Assoluto"]
[Site "Torino ITA"]
[Date "2011.11.28"]
[Round "4"]
[White "Finocchiaro, Gianluca"]
[Black "Pepino, Enrico"]
[Result "1/2-1/2"]
[WhiteElo "2077"]
[BlackElo "2141"]
[PlyCount "43"]
[EventDate "2011.11.07"]

1. d4 d5 2. e4 dxe4 3. Nc3 Nf6 4. f3 exf3 5. Nxf3 g6 6. Bc4 Bg7 7. O-O O-O 8.
Be3 Bg4 9. h3 Bxf3 10. Qxf3 Nc6 11. Rad1 Nb4 12. a3 Nc6 13. Bb5 a6 14. Bxc6
bxc6 15. Qxc6 Qd6 16. Qf3 c6 17. Bf4 Qd7 18. Na4 Qd5 19. Nb6 Qxf3 20. Rxf3 Ra7
21. Rc3 Nd5 22. Nxd5 1/2-1/2

[Event "LVI C.to Torinese Assoluto"]
[Site "Torino ITA"]
[Date "2011.11.28"]
[Round "4"]
[White "Giacometto, Mario"]
[Black "Manni, Stefano"]
[Result "0-1"]
[WhiteElo "1997"]
[BlackElo "2047"]
[PlyCount "76"]
[EventDate "2011.11.07"]

1. e4 e5 2. Nc3 Nf6 3. Bc4 Nc6 4. d3 Na5 5. Nge2 c6 6. a4 Nxc4 7. dxc4 Bc5 8.
O-O d6 9. Qd3 Be6 10. b3 h6 11. Be3 Bxe3 12. Qxe3 Qb6 13. Qxb6 axb6 14. Rfd1
Ke7 15. f3 Nd7 16. g4 Nc5 17. Ng3 g6 18. Kg2 Rhg8 19. h4 f5 20. g5 f4 21. Nge2
hxg5 22. hxg5 Rh8 23. Rh1 Bd7 24. Rh6 Rxh6 25. gxh6 Rh8 26. a5 bxa5 27. Rxa5
Rxh6 28. Ra8 g5 29. Rb8 g4 30. b4 gxf3+ 31. Kxf3 Ne6 32. Rxb7 Rh2 33. Kg4 Nd4+
34. Rxd7+ Kxd7 35. Nxd4 exd4 36. Na4 Rxc2 37. Kxf4 Rf2+ 38. Kg3 Ra2 0-1

[Event "LVI C.to Torinese Assoluto"]
[Site "Torino ITA"]
[Date "2011.11.28"]
[Round "4"]
[White "Macheda, Andrea"]
[Black "Pesce, Eugenio"]
[Result "1-0"]
[WhiteElo "1903"]
[BlackElo "1566"]
[PlyCount "89"]
[EventDate "2011.11.07"]

1. d4 Nf6 2. c4 e6 3. Nf3 g6 4. Nc3 d6 5. e4 Nc6 6. Be2 Bd7 7. O-O Bg7 8. Re1
O-O 9. a3 e5 10. d5 Ne7 11. b4 a5 12. Bb2 axb4 13. axb4 c6 14. Rxa8 Qxa8 15.
dxc6 Nxc6 16. Qxd6 Rd8 17. Ra1 Qc8 18. Nxe5 Bf5 19. Nxc6 bxc6 20. Qf4 Rd4 21.
Qe3 Nxe4 22. Nxe4 Rxe4 23. Qd2 Bxb2 24. Qxb2 Qe8 25. Bf1 Re1 26. Rxe1 Qxe1 27.
Qe2 Qxb4 28. Qe8+ Kg7 29. Qxc6 Qb1 30. Qd5 Be4 31. Qd4+ Kg8 32. f3 Bf5 33. Kf2
Qc2+ 34. Be2 Be6 35. c5 Qa2 36. c6 Kf8 37. Qc5+ Ke8 38. c7 Bc8 39. Qd6 Bd7 40.
Qe5+ Qe6 41. Qxe6+ Bxe6 42. Ba6 f6 43. c8=Q+ Bxc8 44. Bxc8 g5 45. Ke3 1-0

[Event "LVI C.to Torinese Assoluto"]
[Site "Torino ITA"]
[Date "2011.11.28"]
[Round "4"]
[White "Mantovan, Giuseppe"]
[Black "Faraoni, Enrico"]
[Result "0-1"]
[WhiteElo "1852"]
[BlackElo "2109"]
[PlyCount "66"]
[EventDate "2011.11.07"]

1. c4 g5 2. Nc3 Bg7 3. d4 h6 4. e4 c5 5. Be3 Nc6 6. d5 Nd4 7. Bd3 d6 8. Nge2
Nxe2 9. Qxe2 Bxc3+ 10. bxc3 Qa5 11. O-O Nf6 12. Bd2 Bd7 13. e5 dxe5 14. Qxe5
O-O-O 15. Bf5 Qc7 16. Qxc7+ Kxc7 17. Bxd7 Rxd7 18. Rae1 Rg8 19. f3 Rg6 20. Re2
Ng8 21. Rfe1 Ra6 22. Be3 b6 23. Bf2 Ra4 24. Bg3+ Kd8 25. Re4 Rxa2 26. Be5 f5
27. R4e2 Ra4 28. d6 exd6 29. Bxd6 Rxd6 30. Re8+ Kd7 31. Rxg8 Rxc4 32. Rg7+ Kc6
33. Rc1 a5 0-1

[Event "LVI C.to Torinese Assoluto"]
[Site "Torino ITA"]
[Date "2011.11.28"]
[Round "4"]
[White "Mazzetta, Renato"]
[Black "Ravazzolo, Gaia"]
[Result "1-0"]
[WhiteElo "1939"]
[BlackElo "1738"]
[PlyCount "57"]
[EventDate "2011.11.07"]

1. e4 c6 2. d4 d5 3. Nc3 dxe4 4. Nxe4 Bf5 5. Ng3 Bg6 6. h4 h6 7. Nf3 Nd7 8. h5
Bh7 9. Bd3 Bxd3 10. Qxd3 e6 11. Bd2 Qc7 12. Ne4 Ngf6 13. O-O-O O-O-O 14. Kb1
Nxe4 15. Qxe4 Bd6 16. c4 Nf6 17. Qe2 c5 18. Bc3 Rhe8 19. dxc5 Bxc5 20. Ne5 Qe7
21. f4 Bd6 22. g4 Rg8 23. Rhe1 Nd7 24. Nxf7 Qxf7 25. Rxd6 Qxf4 26. Rxe6 Nc5 27.
Re7 g5 28. Be5 Qd2 29. Rc7+ 1-0

[Event "LVI C.to Torinese Assoluto"]
[Site "Torino ITA"]
[Date "2011.11.28"]
[Round "4"]
[White "Melone, Antonio"]
[Black "Cordara, Michele"]
[Result "1-0"]
[WhiteElo "2084"]
[BlackElo "2075"]
[PlyCount "53"]
[EventDate "2011.11.07"]

1. d4 c5 2. d5 e5 3. c4 d6 4. Nc3 f5 5. e4 Nf6 6. Bg5 Be7 7. exf5 Bxf5 8. Nge2
O-O 9. Bxf6 Bxf6 10. Ng3 Bg6 11. Bd3 Bxd3 12. Qxd3 Na6 13. O-O Nc7 14. Nf5 g6
15. Nh6+ Kh8 16. Rae1 Bg5 17. Ng4 Qd7 18. h3 Rf4 19. Ne4 Qf5 20. f3 Bh4 21. Re3
Qd7 22. g3 Rxe4 23. fxe4 Bg5 24. Ref3 Na6 25. Rf7 Qe8 26. h4 Bf4 27. Rxh7+ 1-0

[Event "LVI C.to Torinese Assoluto"]
[Site "Torino ITA"]
[Date "2011.12.02"]
[Round "5"]
[White "Cordara, Michele"]
[Black "Finocchiaro, Gianluca"]
[Result "0-1"]
[WhiteElo "2075"]
[BlackElo "2077"]
[PlyCount "81"]
[EventDate "2011.11.07"]

1. Nf3 d6 2. d4 Bg4 3. Nbd2 Nf6 4. h3 Bh5 5. c4 c6 6. g3 Nbd7 7. Bg2 e5 8. Nb3
Be7 9. O-O O-O 10. dxe5 dxe5 11. Be3 Qc7 12. Qd2 Rad8 13. Qa5 b6 14. Qa4 Ne4
15. Nxe5 Qxe5 16. Bf4 Nec5 17. Qxa7 Qxb2 18. Nxc5 Bxc5 19. Bxc6 Nf6 20. a4 Bxe2
21. Rfb1 Qd4 22. Be3 Qxc4 23. Bb5 Qe6 24. Bxc5 bxc5 25. Re1 c4 26. a5 Qd5 27.
Rxe2 Qxb5 28. Qb6 Qxb6 29. axb6 Rb8 30. Rc2 Rxb6 31. Rxc4 g6 32. Ra7 Rb1+ 33.
Kg2 Rb2 34. Rd4 Re8 35. Rf4 Re6 36. g4 h6 37. h4 Rb5 38. Kh3 Kg7 39. Kg2 Re4
40. Rxe4 Nxe4 41. Ra2 0-1

[Event "LVI C.to Torinese Assoluto"]
[Site "Torino ITA"]
[Date "2011.12.02"]
[Round "5"]
[White "Cortese, Alessandro"]
[Black "Musso, Maurizio"]
[Result "1/2-1/2"]
[WhiteElo "2003"]
[BlackElo "2023"]
[PlyCount "81"]
[EventDate "2011.11.07"]

1. d4 e6 2. c4 d5 3. Nf3 c6 4. Bg5 Be7 5. Bxe7 Qxe7 6. Nbd2 f5 7. g3 Nf6 8. Bg2
O-O 9. O-O Nbd7 10. Ne5 Nxe5 11. dxe5 Ng4 12. Nf3 f4 13. h3 Nh6 14. g4 Nf7 15.
Qd2 Ng5 16. e3 Nxf3+ 17. Bxf3 Qg5 18. Qd4 Bd7 19. e4 c5 20. Qxc5 dxc4 21. Qd6
Rf7 22. a4 Re8 23. Rfc1 Bc6 24. Rxc4 Rd7 25. Qc5 h5 26. b4 Rd3 27. Rc3 hxg4 28.
Bxg4 Rxc3 29. Qxc3 Bxe4 30. Rd1 Bd5 31. Qc7 Qe7 32. Qxe7 Rxe7 33. Rd4 g5 34. h4
Rg7 35. Kh2 gxh4 36. Rxf4 Rg5 37. Kh3 Rxe5 38. Kxh4 Kg7 39. Rd4 Kf6 40. f3 Re1
41. f4 1/2-1/2

[Event "LVI C.to Torinese Assoluto"]
[Site "Torino ITA"]
[Date "2011.12.02"]
[Round "5"]
[White "Davi, Alessandro"]
[Black "Gallucci, Alessio"]
[Result "1/2-1/2"]
[WhiteElo "2065"]
[BlackElo "2227"]
[PlyCount "47"]
[EventDate "2011.11.07"]

1. d4 d5 2. Nf3 c5 3. e3 Nc6 4. g3 Bg4 5. Bg2 Nf6 6. O-O Qc8 7. c4 cxd4 8. exd4
Qf5 9. Nc3 e6 10. Qb3 O-O-O 11. Nh4 Qd3 12. h3 Bh5 13. g4 Bg6 14. cxd5 exd5 15.
Rd1 Qc4 16. Nxg6 hxg6 17. Qxc4 dxc4 18. Be3 Nb4 19. Rac1 a6 20. a4 Nd3 21. Rc2
Nb4 22. Rcc1 Nd3 23. Rc2 Nb4 24. Rcc1 1/2-1/2

[Event "LVI C.to Torinese Assoluto"]
[Site "Torino ITA"]
[Date "2011.12.02"]
[Round "5"]
[White "Faraoni, Enrico"]
[Black "Mazzetta, Renato"]
[Result "1-0"]
[WhiteElo "2109"]
[BlackElo "1939"]
[PlyCount "85"]
[EventDate "2011.11.07"]

1. e4 c5 2. Nc3 Nc6 3. f4 d6 4. Bc4 e6 5. Nf3 Nge7 6. O-O g6 7. d3 Bg7 8. f5
gxf5 9. Ng5 h5 10. exf5 Bd4+ 11. Kh1 d5 12. fxe6 Bxe6 13. Bf4 Bxc3 14. bxc3
dxc4 15. Ne4 Nf5 16. Bg5 Nce7 17. Rb1 Qc8 18. Qd2 Qc6 19. Nf6+ Kf8 20. Rbe1 Kg7
21. Ne4 Ng8 22. Bf6+ Nxf6 23. Qg5+ Kf8 24. Nxf6 h4 25. Rxf5 Bxf5 26. Qxf5 Rd8
27. Nh7+ Rxh7 28. Qxh7 Qf6 29. Qe4 cxd3 30. cxd3 Kg7 31. h3 Rd6 32. Qg4+ Kf8
33. Qc8+ Kg7 34. Qg4+ Kf8 35. Re3 Rxd3 36. Qc8+ Kg7 37. Qg4+ Kf8 38. Re4 Rg3
39. Qd1 Qxc3 40. Qd8+ Kg7 41. Rxh4 Qe1+ 42. Kh2 Qf2 43. Qh8+ 1-0

[Event "LVI C.to Torinese Assoluto"]
[Site "Torino ITA"]
[Date "2011.12.02"]
[Round "5"]
[White "Melone, Antonio"]
[Black "Cavaliere, Simone"]
[Result "0-1"]
[WhiteElo "2084"]
[BlackElo "1859"]
[PlyCount "94"]
[EventDate "2011.11.07"]

1. d4 Nf6 2. c4 g6 3. Nc3 Bg7 4. e4 d6 5. f3 O-O 6. Be3 c5 7. d5 e6 8. Nge2
exd5 9. cxd5 a6 10. a4 Re8 11. Ng3 h5 12. Be2 Nbd7 13. O-O h4 14. Nh1 Nh7 15.
Nf2 f5 16. f4 fxe4 17. Ncxe4 Ndf6 18. Nxf6+ Nxf6 19. Ra3 Bf5 20. g4 hxg3 21.
hxg3 Ne4 22. Nxe4 Rxe4 23. Bf2 Rb4 24. b3 Re4 25. Bd3 Re8 26. Bxf5 gxf5 27. Qh5
Qf6 28. Ra2 Qf7 29. Qxf7+ Kxf7 30. Kg2 Re4 31. Re1 Rxe1 32. Bxe1 Re8 33. Bf2
Re4 34. Rd2 Rb4 35. Rd3 b5 36. axb5 axb5 37. Be1 Re4 38. Kf2 Bd4+ 39. Kf1 Kg6
40. b4 Kf6 41. Ra3 c4 42. Bd2 Kg6 43. Ra6 c3 44. Rxd6+ Kh5 45. Bc1 Kg4 46. Rg6+
Kf3 47. d6 Bf2 0-1

[Event "LVI C.to Torinese Assoluto"]
[Site "Torino ITA"]
[Date "2011.12.02"]
[Round "5"]
[White "Pepino, Enrico"]
[Black "Macheda, Andrea"]
[Result "1/2-1/2"]
[WhiteElo "2141"]
[BlackElo "1903"]
[PlyCount "110"]
[EventDate "2011.11.07"]

1. Nf3 c5 2. g3 g6 3. Bg2 Bg7 4. c4 Nf6 5. Nc3 O-O 6. O-O Nc6 7. d4 cxd4 8.
Nxd4 Nxd4 9. Qxd4 a6 10. c5 Ne8 11. Qd3 Qa5 12. Be3 d6 13. Nd5 dxc5 14. Nxe7+
Kh8 15. Nxc8 Rxc8 16. Bxb7 c4 17. Qc2 Rb8 18. Bf3 Nd6 19. Bd2 Rxb2 20. Qxb2 c3
21. Rad1 Nc4 22. Bxc3 Bxc3 23. Qc2 Nd2 24. Rxd2 Bxd2 25. Rd1 Rd8 26. h4 Kg8 27.
Kg2 Bb4 28. Rxd8+ Qxd8 29. Qc4 a5 30. Bd5 Qe7 31. e4 Kg7 32. Qd4+ f6 33. Qb6 h6
34. Qb8 Qf8 35. Qc7+ Qe7 36. Qc8 Qf8 37. Qe6 Bc5 38. f4 Bd6 39. Kh3 Bb4 40. a4
Bd6 41. e5 fxe5 42. fxe5 Bb4 43. Be4 Qf1+ 44. Bg2 Qf8 45. Qg4 h5 46. Qd7+ Be7
47. Kh2 Kh6 48. Qd2+ g5 49. hxg5+ Bxg5 50. Qxa5 h4 51. Qa6+ Kg7 52. Qb7+ Kh8
53. Qf3 hxg3+ 54. Kxg3 Qg7 55. Qg4 Qxe5+ 1/2-1/2

[Event "LVI C.to Torinese Assoluto"]
[Site "Torino ITA"]
[Date "2011.12.02"]
[Round "5"]
[White "Pesce, Eugenio"]
[Black "Giacometto, Mario"]
[Result "1-0"]
[WhiteElo "1566"]
[BlackElo "1997"]
[PlyCount "73"]
[EventDate "2011.11.07"]

1. e4 d5 2. exd5 c6 3. dxc6 e5 4. cxb7 Bxb7 5. Bb5+ Nd7 6. f3 Bc5 7. Nc3 Ngf6
8. Na4 Bxg1 9. Rxg1 O-O 10. d3 Qa5+ 11. Nc3 Rad8 12. Bd2 Qb4 13. Qc1 Qh4+ 14.
Kf1 Qxh2 15. Qe1 Nh5 16. Qf2 Ng3+ 17. Ke1 f5 18. Ne2 f4 19. Bb4 Rfe8 20. Kd2 e4
21. dxe4 Rxe4 22. c3 Qh5 23. Nxg3 fxg3 24. Qf1 Qg5+ 25. Kc2 Re3 26. Rd1 Qf5+
27. Bd3 Qe6 28. Kb1 Bd5 29. b3 Bxb3 30. axb3 Qxb3+ 31. Ka1 Ne5 32. Bc4+ Nxc4
33. Rxd8+ Kf7 34. Qb1 Qa4+ 35. Qa2 Qc6 36. Rf8+ Kg6 37. Qc2+ 1-0

[Event "LVI C.to Torinese Assoluto"]
[Site "Torino ITA"]
[Date "2011.12.02"]
[Round "5"]
[White "Quirico, Paolo"]
[Black "Di Chiara, Mauro"]
[Result "0-1"]
[WhiteElo "2172"]
[BlackElo "1980"]
[PlyCount "102"]
[EventDate "2011.11.07"]

1. e4 g6 2. d4 Bg7 3. Nc3 d6 4. Be3 Nf6 5. Qd2 O-O 6. O-O-O c6 7. f3 b5 8. Bh6
Qa5 9. Kb1 Bxh6 10. Qxh6 Be6 11. d5 cxd5 12. Nxd5 Nxd5 13. exd5 Bf5 14. g4
Bxc2+ 15. Kxc2 Qxa2 16. Rd3 Rc8+ 17. Rc3 Rxc3+ 18. Kxc3 b4+ 19. Kc2 Nd7 20. Bd3
Rc8+ 21. Kd1 Qb3+ 22. Ke2 Qxb2+ 23. Qd2 Qe5+ 24. Qe3 Qxd5 25. Nh3 Ne5 26. Rd1
Rc3 27. Nf4 Qc6 28. Qe4 Nxd3 29. Nxd3 Rc2+ 30. Rd2 Rxd2+ 31. Kxd2 Qc3+ 32. Ke3
b3 33. Qa8+ Kg7 34. Qxa7 b2 35. Qa2 Qc1+ 36. Nxc1 bxc1=Q+ 37. Kf2 Qc5+ 38. Kg2
d5 39. Qd2 e5 40. h4 Qd4 41. Qc1 e4 42. h5 e3 43. Kg3 g5 44. Qc6 Qe5+ 45. Kh3
h6 46. Qc1 e2 47. Qe1 Qe3 48. Kg3 d4 49. Kg2 Qe5 50. Kh3 d3 51. Kg2 d2 0-1

[Event "LVI C.to Torinese Assoluto"]
[Site "Torino ITA"]
[Date "2011.12.02"]
[Round "5"]
[White "Ravazzolo, Gaia"]
[Black "Fassio, Luca"]
[Result "0-1"]
[WhiteElo "1738"]
[BlackElo "2101"]
[PlyCount "112"]
[EventDate "2011.11.07"]

1. d4 g6 2. c4 Bg7 3. Nc3 d6 4. e4 Nf6 5. f3 O-O 6. Be3 Nc6 7. Nge2 e5 8. d5
Ne7 9. Qd2 Ne8 10. g4 c6 11. h4 cxd5 12. cxd5 f5 13. gxf5 gxf5 14. Bg5 a6 15.
h5 f4 16. Nc1 Kh8 17. Nd3 Bf6 18. Bxf6+ Nxf6 19. O-O-O Bd7 20. Bh3 Rg8 21. Bxd7
Qxd7 22. Qf2 Rg5 23. h6 Rag8 24. Rdg1 Rxg1+ 25. Rxg1 Rg6 26. Rxg6 Nxg6 27. Qh2
Ng8 28. Nf2 Qe7 29. Ng4 Qh4 30. Qg1 Nxh6 31. Nxh6 Qxh6 32. Nb1 Qh3 33. Nd2 Kg7
34. Qb6 Qd7 35. b3 Ne7 36. Nc4 Nc8 37. Qg1+ Kf8 38. Qg5 b5 39. Nd2 Ne7 40. Qh6+
Kg8 41. Qg5+ Ng6 42. Kb2 Kg7 43. Qg1 Qc7 44. Qg4 Qd8 45. Qg1 Qc7 46. Qf1 h5 47.
Qg2 Kh6 48. Nf1 Qc5 49. Qd2 Qd4+ 50. Qxd4 exd4 51. Nh2 Kg5 52. Kc2 Ne5 53. Kd2
Kh4 54. Ke2 Kg3 55. Nf1+ Kg2 56. Nd2 h4 0-1

[Event "LVI C.to Torinese Assoluto"]
[Site "Torino ITA"]
[Date "2011.12.02"]
[Round "5"]
[White "Sarno, Spartaco"]
[Black "Barbiso, Tiziana"]
[Result "1-0"]
[WhiteElo "2330"]
[BlackElo "2047"]
[PlyCount "49"]
[EventDate "2011.11.07"]

1. c4 e6 2. Nf3 Nf6 3. g3 d5 4. b3 c6 5. Bg2 Bd6 6. Bb2 Nbd7 7. O-O O-O 8. Nc3
Re8 9. Qc2 Qe7 10. d4 dxc4 11. bxc4 e5 12. e3 exd4 13. exd4 Ba3 14. Rfe1 Qb4
15. Bxa3 Qxa3 16. c5 Nf8 17. Rxe8 Nxe8 18. Ne5 Nf6 19. Rb1 Qa5 20. Nxc6 Qc7 21.
Ne5 a6 22. Nd5 Nxd5 23. Bxd5 Ne6 24. Qc4 Rb8 25. Rb6 1-0

[Event "LVI C.to Torinese Assoluto"]
[Site "Torino ITA"]
[Date "2011.12.02"]
[Round "5"]
[White "Sorcinelli, Francesco"]
[Black "Castaldo, Folco"]
[Result "1/2-1/2"]
[WhiteElo "2118"]
[BlackElo "2420"]
[PlyCount "128"]
[EventDate "2011.11.07"]

1. e4 c5 2. Nf3 Nc6 3. Bb5 g6 4. Bxc6 bxc6 5. O-O Bg7 6. d3 Nh6 7. c3 O-O 8.
Be3 d6 9. h3 f6 10. a3 a5 11. Nbd2 Nf7 12. Qc2 Ba6 13. b4 axb4 14. axb4 cxb4
15. cxb4 Qd7 16. Nc4 Bxc4 17. dxc4 Qb7 18. Rxa8 Rxa8 19. Rb1 Rb8 20. c5 Bf8 21.
Nd2 Qd7 22. Nc4 Kg7 23. Nb6 Qe6 24. Rd1 dxc5 25. bxc5 Rb7 26. Qa4 Rb8 27. f4
Rd8 28. Rxd8 Nxd8 29. Kf2 Kf7 30. g4 f5 31. Qd4 Ke8 32. exf5 gxf5 33. g5 Nb7
34. Qa4 Nd8 35. Qd4 Nb7 36. h4 Na5 37. Qa4 Nb7 38. Qa8+ Nd8 39. h5 Bg7 40. Qa4
Kf7 41. Qd1 Qa2+ 42. Kf3 Ne6 43. Qg1 Nf8 44. Qf1 Qb3 45. Qc4+ Qxc4 46. Nxc4 Ke6
47. Ke2 Kd5 48. Kd3 e5 49. fxe5 Bxe5 50. Nxe5 Kxe5 51. Bd4+ Kf4 52. Bf6 Kg4 53.
Be7 Ne6 54. g6 Nf4+ 55. Kd4 hxg6 56. h6 g5 57. Ke5 Ng6+ 58. Kf6 Kh5 59. Bd6
Kxh6 60. Kxf5 Kh5 61. Ke6 Nf4+ 62. Kd7 Kg6 63. Kxc6 Nd3 64. Kd5 Nxc5 1/2-1/2

[Event "LVI C.to Torinese Assoluto"]
[Site "Torino ITA"]
[Date "2011.12.03"]
[Round "6"]
[White "Barbiso, Tiziana"]
[Black "Sorcinelli, Francesco"]
[Result "0-1"]
[WhiteElo "2047"]
[BlackElo "2118"]
[PlyCount "52"]
[EventDate "2011.11.07"]

1. e4 g6 2. d4 Bg7 3. c3 d6 4. Nf3 Nd7 5. Bd3 e5 6. O-O Ne7 7. Bg5 h6 8. Bh4 g5
9. Bg3 Ng6 10. Re1 g4 11. Nfd2 h5 12. dxe5 h4 13. e6 Nc5 14. exf7+ Kf8 15. Bc4
hxg3 16. hxg3 Ne5 17. b4 Ncd3 18. Re3 Nb2 19. Qb3 Nbxc4 20. Nxc4 Be6 21. Nxe5
Bxb3 22. Ng6+ Kxf7 23. Nxh8+ Qxh8 24. axb3 Qh6 25. Kf1 Qh1+ 26. Ke2 Qc1 0-1

[Event "LVI C.to Torinese Assoluto"]
[Site "Torino ITA"]
[Date "2011.12.03"]
[Round "6"]
[White "Castaldo, Folco"]
[Black "Cavaliere, Simone"]
[Result "1-0"]
[WhiteElo "2420"]
[BlackElo "1859"]
[PlyCount "97"]
[EventDate "2011.11.07"]

1. e4 c5 2. Nc3 Nc6 3. f4 e6 4. Nf3 d5 5. Bb5 Nge7 6. exd5 Nxd5 7. Ne5 Bd7 8.
Bxc6 Bxc6 9. Nxc6 bxc6 10. d3 Nxc3 11. bxc3 Be7 12. O-O Bf6 13. Bd2 O-O 14. Qe2
Qd7 15. Rab1 Rab8 16. c4 Rb6 17. Rb3 Rfb8 18. Be3 Bd4 19. Qf2 Rd8 20. Rfb1 Rdb8
21. g3 h6 22. Kg2 Bxe3 23. Qxe3 Qd4 24. Qxd4 cxd4 25. Kf3 f5 26. Re1 Rxb3 27.
axb3 Kf7 28. Ra1 Rb7 29. Ra6 Rc7 30. h4 h5 31. b4 Ke7 32. Ke2 Kd7 33. Kd2 Kc8
34. Kc1 Kb7 35. Ra5 Kb6 36. Re5 Re7 37. Kb2 Re8 38. Kb3 Re7 39. Ra5 Rd7 40. c5+
Kb7 41. Kc4 a6 42. Ra1 Re7 43. Kxd4 Re8 44. Ke5 g6 45. d4 Rd8 46. c3 Rf8 47.
Kd6 Re8 48. Kd7 Rh8 49. Re1 1-0